Oracle backup & recovery handbook, 7.3 edition / (Record no. 132913)

MARC details
000 -LEADER
fixed length control field 00818nam a22002537a 4500
003 - CONTROL NUMBER IDENTIFIER
control field dpl
005 - DATE AND TIME OF LATEST TRANSACTION
control field 20180827133653.0
008 - FIXED-LENGTH DATA ELEMENTS--GENERAL INFORMATION
fixed length control field 180827b xxu||||| |||| 00| 0 eng d
010 ## - LIBRARY OF CONGRESS CONTROL NUMBER
LC control number A-904734
020 ## - INTERNATIONAL STANDARD BOOK NUMBER
International Standard Book Number 0074634526
Terms of availability 00.00
035 ## - SYSTEM CONTROL NUMBER
System control number A-904734, A-904738
037 ## - SOURCE OF ACQUISITION
Source of stock number/acquisition Cen Lib/Ret
040 ## - CATALOGING SOURCE
Original cataloging agency DPL
Language of cataloging EN
Transcribing agency 0
082 ## - DEWEY DECIMAL CLASSIFICATION NUMBER
Classification number 005.736
Item number VEL
100 ## - MAIN ENTRY--PERSONAL NAME
Personal name Velpuri, Rama
9 (RLIN) 36119
245 ## - TITLE STATEMENT
Title Oracle backup & recovery handbook, 7.3 edition /
Statement of responsibility, etc by Rama Velpuri
260 ## - PUBLICATION, DISTRIBUTION, ETC. (IMPRINT)
Place of publication, distribution, etc New Delhi
Name of publisher, distributor, etc Tata McGraw Hill Bookb company
Date of publication, distribution, etc 1997
270 ## - ADDRESS
Address 7 west patel nagar
City New Delhi
Postal code 110008
300 ## - PHYSICAL DESCRIPTION
Extent xvii, 422p.
Dimensions 23cm(Hb)
500 ## - GENERAL NOTE
General note Includes index and appendix
650 ## - SUBJECT ADDED ENTRY--TOPICAL TERM
Topical term or geographic name as entry element Computer science
9 (RLIN) 36120
650 ## - SUBJECT ADDED ENTRY--TOPICAL TERM
Topical term or geographic name as entry element Oracle backup & recovery
Form subdivision Handbooks
9 (RLIN) 36121
942 ## - ADDED ENTRY ELEMENTS (KOHA)
Source of classification or shelving scheme Dewey Decimal Classification
Koha item type English Books
Classification part 005.736
Call number suffix VEL
Holdings
Withdrawn status Lost status Damaged status Not for loan Home library Current library Date acquired Source of acquisition Cost, normal purchase price Total Checkouts Full call number Barcode Date last seen Copy number Cost, replacement price Price effective from Koha item type Source of classification or shelving scheme Collection code
        Central Library Central Library 24/07/2015 Cen Lib/Ret 0.00   005.736 VEL A-904734 24/07/2015 1 0.00 24/07/2015 English Books    
        Shahdara Branch Shahdara Branch 27/08/2018 BPPD/PUB 0.00   005.736 VEL A-904738 27/08/2018   0.00 27/08/2018 English Books Dewey Decimal Classification Non-fiction

© Delhi Public Library
Hit Counter
free hit counter